000 00812nam a2200337 a 4500
003 AR-BaBNM
005 20251128203446.0
008 082120s2002 ||||||||||||||000 | spa||
040 _cAR-BaBNM
100 1 _aSánchez-Albornoz, Claudio
245 0 0 _aEspaña, un enigma histórico
_n1
250 _a1ª ed.
260 _aBuenos Aires
_bSudamericana
_c1956
300 _a720 p.
_bláms., il., mapas
650 4 _aINSTITUCIONES
650 4 _aSOCIEDAD
650 4 _aECONOMIA
650 4 _aRELIGION
650 4 _aHISTORIA EUROPEA
650 4 _aCRISTIANISMO
650 4 _aJUDAISMO
650 4 _aISLAM
650 4 _aHISTORIA MEDIEVAL
650 4 _aGUERRA
650 4 _aREVOLUCION
650 4 _aHISTORIOGRAFIA
650 4 _aLITERATURA
651 4 _aEspaña
942 _cBK
998 _cmariana
999 _c3480
_d3480